Rap fr #1 Rappeurs par sons - Statistiques

Statistiques générales
  • Ce quiz a été pris 1 285 fois
  • Le résultat moyen est 10 sur 15
Statistiques - réponses
Sons : Rappeurs % Correct
PGP; Dolce camara; Scarface Booba
98%
Da; Deux frères; Naha PNL
98%
Zoo; Diarabi; Gun salute Kaaris
92%
Champs élysées; autobahn; Je la connais SCH
92%
Parfum quartier; tu la love; la bandite Jul
89%
Emotif; Hola; Un peu de haine PLK
88%
Plume; Elle pleut; on verra Nekfeu
80%
Trap queen; Ne reviens pas; Sheguey 10 Gradur
76%
Power ranger; Fume a fond; Freestyle du sale Lorenzo
75%
Barbade; A.W.A.; Noche Lacrim
62%
Cette fille; Les borgias; 7 vies Luv resval
36%
Mistral; Obito; Batman Bushi
32%
Grunt 77; Sensation; Monaco Houdi
29%
Vortex; Trapshat; Cascade Alpha wann
20%
Un autre jour; Scopolamines; Zaga Femtogo
13%
Aucun quiz correspondant
Distribution des résultats
% des personnes avec chaque résultat
Percentile par nombre de réponses
Votre historique - résultats
Vous n’avez pas pris ce quiz